The Building Regulations : (Record no. 15227)
[ view plain ]
| 000 -LEADER | |
|---|---|
| fixed length control field | 01796nac a22002771u 4500 |
| 008 - FIXED-LENGTH DATA ELEMENTS--GENERAL INFORMATION | |
| fixed length control field | 110502t xxu||||| |||| 00| 0 eng d |
| 010 ## - LIBRARY OF CONGRESS CONTROL NUMBER | |
| LC control number | 2007002033 |
| 020 ## - INTERNATIONAL STANDARD BOOK NUMBER | |
| International Standard Book Number | 0632058374 |
| 020 ## - INTERNATIONAL STANDARD BOOK NUMBER | |
| International Standard Book Number | 9780632058372 |
| 082 00 - DEWEY DECIMAL CLASSIFICATION NUMBER | |
| Classification number | 690.028 |
| Item number | BIL |
| 100 ## - MAIN ENTRY--PERSONAL NAME | |
| Personal name | Billington, M. J. |
| 9 (RLIN) | 23513 |
| 245 14 - TITLE STATEMENT | |
| Title | The Building Regulations : |
| Remainder of title | Explained and Illustrated / |
| Statement of responsibility, etc | M.J. Billington, K.T. Bright, J.R. Waters. |
| 250 ## - EDITION STATEMENT | |
| Edition statement | 12th ed. |
| 260 ## - PUBLICATION, DISTRIBUTION, ETC. (IMPRINT) | |
| Place of publication, distribution, etc | Oxford ; |
| -- | Malden, MA : |
| Name of publisher, distributor, etc | Blackwell Science/ Blackwell Pub. ,2004 |
| Date of publication, distribution, etc | 2004 |
| 300 ## - PHYSICAL DESCRIPTION | |
| Extent | 1v.: |
| Other physical details | ill.; |
| Dimensions | 24 cm. |
| 504 ## - BIBLIOGRAPHY, ETC. NOTE | |
| Bibliography, etc | Includes bibliographical references and index. |
| 505 0# - FORMATTED CONTENTS NOTE | |
| Formatted contents note | Building control: an overview -- The building regulations and approved documents -- Local authority control -- Private certification -- Work under the supervision of a competent person -- Structural stability (Part A) -- Fire (Part B) -- Materials, workmanship, site preparation and moisture exclusion (Part C) -- Toxic substances (Part D) -- Sound insulation (Part E) -- Ventilation (Part F) -- Hygiene (Part G) -- Drainage and waste disposal (Part H) -- Combustion appliances and fuel storage systems (Part J) -- Protection from falling, collision and impact (Part K) -- Conservation of fuel and power (Part L) -- Access to and use of buildings (Part M) -- Glazing (Part N) -- Electrical safety (Part P). |
| 511 ## - PARTICIPANT OR PERFORMER NOTE | |
| Participant or performer note | catalogued by: wessam |
| 650 #0 - SUBJECT ADDED ENTRY--TOPICAL TERM | |
| Topical term or geographic name as entry element | Building laws |
| Geographic subdivision | England. |
| 9 (RLIN) | 23514 |
| 653 ## - INDEX TERM--UNCONTROLLED | |
| Resource For college | |
| 700 1# - ADDED ENTRY--PERSONAL NAME | |
| Personal name | Bright, Keith. |
| 9 (RLIN) | 23515 |
| 700 1# - ADDED ENTRY--PERSONAL NAME | |
| Personal name | Waters, J. R. |
| 9 (RLIN) | 23516 |
| 856 41 - ELECTRONIC LOCATION AND ACCESS | |
| Materials specified | Table of contents only |
| Uniform Resource Identifier | <a href="http://www.loc.gov/catdir/toc/ecip078/2007002033.html">http://www.loc.gov/catdir/toc/ecip078/2007002033.html</a> |
| 942 ## - ADDED ENTRY ELEMENTS (KOHA) | |
| Item type | Book - Borrowing |
| Call number prefix | 690.028 BIL |
| Source of classification or shelving scheme | Dewey Decimal Classification |
| Withdrawn status | Item status | Source of classification or shelving scheme | Damaged status | Not for loan | Vendor | Home library | Current library | Shelving location | Date acquired | Source of acquisition | Total Checkouts | Full call number | Barcode | Date last seen | Koha item type |
|---|---|---|---|---|---|---|---|---|---|---|---|---|---|---|---|
| Dewey Decimal Classification | Central Library | Central Library | First floor | 02/05/2011 | 690.028 BIL | 000005988 | 15/07/2025 | Book - Borrowing |